Movies Quiz

Random Movies or Disney Quiz

Multiple 'D' Disney Movies Quiz Stats

 Plays Quiz not verified by Sporcle

Support Sporcle.
Go Orange.
Score 0/10 Timer 04:00
0 Plays Today
Disney Movie % Correct
Aladdin
92%
Lady and the Tramp
75%
Snow White and the Seven Dwarfs
68%
The Fox and the Hound
64%
The Rescuers Down Under
60%
The Adventures of Ichabod and Mr Toad
56%
Alice in Wonderland
52%
Raya and the Last Dragon
20%
Finding Dory
0%
The Good Dinosaur
0%

You're not logged in!

Compare scores with friends on all Sporcle quizzes.
OR
Log In

From the Vault

Words Starting with 'SW'

by Propellerhead

This quiz will have you saying, 'Sweet!'
Remove Ads.
Support Sporcle.
Get the best of Sporcle when you Go Orange. This ad-free experience offers more features, more stats, and more fun while also helping to support Sporcle. Thank you for becoming a member.

Show Comments

Extras

Created Feb 18, 2020ReportNominate
Tags:Disney Quiz, multiple

Top Quizzes Today


Score Distribution

Your Account Isn't Verified!

In order to create a playlist on Sporcle, you need to verify the email address you used during registration. Go to your Sporcle Settings to finish the process.

Report this User

Report this user for behavior that violates our Community Guidelines.

Details: